| 000 | 01074nam a2200289 i 4500 | ||
|---|---|---|---|
| 001 | 184033 | ||
| 003 | ES-MaACL | ||
| 005 | 20231224062935.0 | ||
| 008 | 150223s2014 sp |||| |dspa d | ||
| 020 | _a978-84-7035-102-0 | ||
| 080 | _a821.134.2-92"19" | ||
| 100 | 1 |
_aBaroja, Pío, _d1872-1956 _925752 |
|
| 245 | 1 | 0 |
_aCorresponsalía de guerra y otros textos olvidados / _cPío Baroja ; recopilación, introducción y notas de Miguel Ángel García de Juan. |
| 260 |
_aMadrid : _bCaro Raggio, _c[2014] |
||
| 300 |
_a230 p. ; _c21 cm. |
||
| 490 | 1 | _aItzea | |
| 505 | 8 |
_aContiene: Apéndice ; _tTres artículos de Ricardo Baroja a partir de su experiencia africana |
|
| 600 | 0 | 4 |
_aBu-Hamara. _9156428 |
| 651 | 4 |
_aMarruecos- _xHistoria- _yS.XX. _99031 |
|
| 700 | 1 |
_aBaroja, Ricardo, _d1871-1953 _925759 |
|
| 700 | 1 |
_aGarcía de Juan, Miguel Ángel. _954436 |
|
| 700 | 1 |
_aCaro Baroja, Julio, _d1914-1995 _935403 |
|
| 830 | 0 |
_aItzea _9225028 |
|
| 852 |
_aES-MaACL _jA-13420 _9190999 _bR.150277 _cDEPO1 _dOlim: N-6420 |
||
| 942 |
_2udc _cMONOGRAFIA |
||
| 999 |
_c184033 _d184033 |
||